Ensiklopedia Bahasa Melayu
| Main Author: | |
|---|---|
| Format: | Book |
| Published: |
KL :
DBP ,
2008
|
| Subjects: |
MARC
| LEADER | 00000cam a2200000 7i4500 | ||
|---|---|---|---|
| 001 | 0000035125 | ||
| 005 | 20130121.0 | ||
| 008 | 130121 | ||
| 020 | |a 9836293213 | ||
| 090 | 0 | 0 | |a 499.2303 |b ASM |
| 100 | 0 | |a Asmah Haji Omar | |
| 245 | 1 | 0 | |a Ensiklopedia Bahasa Melayu |c Asmah Haji Omar |
| 260 | |a KL : |b DBP , |c 2008 | ||
| 650 | 0 | |a Malay language |x Encyclopedias | |
| 999 | |a 0001206829 |b Book |c Adult Collection |e Cawangan Bukit Gambir | ||